[Event "XXXVI C.to Italiano a squadre A1.2"]
[Site "ITA"]
[Date "2004.04.18"]
[Round "5"]
[White "Caruso, Augusto"]
[Black "Guerra, Alessandro"]
[Result "0-1"]
[WhiteElo "2207"]
[BlackElo "2192"]
[PlyCount "80"]
[EventDate "2004.03.06"]

1. e4 d6 2. d4 Nf6 3. Nc3 Nc6 4. Nf3 Bg4 5. Be3 e6 6. h3 Bh5 7. d5 exd5 8. exd5
Bxf3 9. Qxf3 Ne5 10. Qe2 Be7 11. O-O-O O-O 12. g4 c5 13. f4 Ned7 14. h4 Ne8 15.
Bd2 Nc7 16. g5 Re8 17. Qg2 Rb8 18. h5 b5 19. Bd3 Nf8 20. f5 c4 21. Be4 b4 22.
Ne2 c3 23. Bf4 cxb2+ 24. Kb1 Nb5 25. Rd3 Nd7 26. h6 g6 27. fxg6 fxg6 28. Bd2
Ne5 29. Nd4 Nxd3 30. Nxb5 Nc5 31. Nd4 Nxe4 32. Qxe4 Bxg5 33. Qd3 Bxd2 34. Qxd2
Qf6 35. Qd3 Rf8 36. Ne6 Rf7 37. Qa6 Qf3 38. Re1 Qxd5 39. Ng5 Qxg5 40. Qxd6 Rbf8
0-1

[Event "XXXVI C.to Italiano a squadre A1.2"]
[Site "ITA"]
[Date "2004.04.18"]
[Round "5"]
[White "Dervishi, Erald"]
[Black "Simoli, Sergio"]
[Result "1-0"]
[WhiteElo "2484"]
[BlackElo "2280"]
[PlyCount "119"]
[EventDate "2004.03.06"]

1. e4 c5 2. Nf3 d6 3. d4 cxd4 4. Nxd4 Nf6 5. Nc3 e6 6. Be2 Be7 7. O-O O-O 8.
Kh1 Nc6 9. Be3 Re8 10. f4 e5 11. fxe5 Nxe5 12. Nf5 Bf8 13. Bg5 Bxf5 14. Rxf5
Re6 15. Nd5 Ned7 16. Bb5 Be7 17. Nxe7+ Qxe7 18. Bxd7 Qxd7 19. Bxf6 Rxf6 20.
Rxf6 gxf6 21. Qd4 Re8 22. Rf1 Qe6 23. h3 Qxe4 24. Qxf6 Qg6 25. Qf2 a6 26. Rd1
Re5 27. Rd3 Qe6 28. Qb6 Qe7 29. Qxd6 Qxd6 30. Rxd6 Re2 31. Rb6 Re7 32. Kh2 Kg7
33. Kg3 f6 34. Kf4 Kg6 35. g4 Rc7 36. c3 Rc4+ 37. Ke3 Rc7 38. h4 h6 39. Kf4
Rc4+ 40. Kg3 Rc7 41. h5+ Kf7 42. Kf3 Ke7 43. Ke4 Kf7 44. Kf3 Ke7 45. a4 Kf7 46.
a5 Ke7 47. Ke4 Kf7 48. b4 Re7+ 49. Kf5 Re5+ 50. Kf4 Re7 51. c4 Kg7 52. c5 Kf7
53. c6 bxc6 54. Rxc6 Re1 55. Rxa6 Rf1+ 56. Ke3 Rg1 57. Rb6 Rxg4 58. a6 Rg1 59.
b5 Ke7 60. a7 1-0

[Event "XXXVI C.to Italiano a squadre A1.2"]
[Site "ITA"]
[Date "2004.04.18"]
[Round "5"]
[White "Fabris, Alberto"]
[Black "Scalcione, Michelangelo"]
[Result "1/2-1/2"]
[WhiteElo "2221"]
[BlackElo "2220"]
[PlyCount "55"]
[EventDate "2004.03.06"]

1. Nf3 Nf6 2. c4 c5 3. g3 b6 4. Bg2 Bb7 5. O-O g6 6. b3 Bg7 7. Bb2 O-O 8. d3 d5
9. Nbd2 Nc6 10. Rc1 Qd7 11. cxd5 Nxd5 12. Bxg7 Kxg7 13. Nc4 Rad8 14. a3 f6 15.
Qc2 e5 16. Qb2 Rfe8 17. Rfe1 Qe7 18. Rcd1 b5 19. Ncd2 Nc7 20. Ne4 Ne6 21. Rc1
Ncd4 22. Nxd4 cxd4 23. b4 f5 24. Nc5 Bxg2 25. Nxe6+ Qxe6 26. Kxg2 Rc8 27. Kg1
Qd5 28. Rxc8 1/2-1/2

[Event "XXXVI C.to Italiano a squadre A1.2"]
[Site "ITA"]
[Date "2004.04.18"]
[Round "5"]
[White "Godena, Michele"]
[Black "Cocchi, Andrea"]
[Result "1-0"]
[WhiteElo "2533"]
[BlackElo "2303"]
[PlyCount "111"]
[EventDate "2004.03.06"]

1. e4 c5 2. Nf3 e6 3. c3 d5 4. exd5 Qxd5 5. d4 Nf6 6. Na3 Nc6 7. Nb5 Qd8 8.
dxc5 Bxc5 9. Qxd8+ Kxd8 10. Bf4 Nd5 11. O-O-O Ke7 12. Bg3 a6 13. Nbd4 Nxd4 14.
Nxd4 Rd8 15. Be2 Bd7 16. Bf3 Bxd4 17. Rxd4 Bc6 18. Rhd1 Ke8 19. Bh5 Ke7 20. Be2
Nb6 21. c4 Rxd4 22. Rxd4 f6 23. Bc7 Nd7 24. g3 b6 25. b3 Rc8 26. Bd6+ Kf7 27.
Ba3 Nc5 28. f3 e5 29. Rd6 Ke7 30. Rd1 a5 31. Kc2 Rd8 32. Rxd8 Kxd8 33. Bc1 Kc7
34. Be3 Ne6 35. a3 f5 36. f4 exf4 37. gxf4 Be4+ 38. Kc3 Kc6 39. b4 axb4+ 40.
axb4 Kc7 41. h4 Kc6 42. Bh5 g6 43. Be2 h6 44. Bd1 b5 45. cxb5+ Kxb5 46. Bb3 Nc7
47. Bc4+ Kc6 48. Kd4 Kd6 49. Bf7 Ne6+ 50. Kc3 g5 51. Bxe6 gxf4 52. Bxf5 Bxf5
53. Bxf4+ Kd5 54. Bxh6 Bg6 55. Be3 Ke4 56. b5 1-0

[Event "XXXVI C.to Italiano a squadre A1.2"]
[Site "ITA"]
[Date "2004.04.18"]
[Round "5"]
[White "Negro, Roberto"]
[Black "Luciani, Valerio"]
[Result "0-1"]
[WhiteElo "2166"]
[BlackElo "2192"]
[PlyCount "96"]
[EventDate "2004.03.06"]

1. d4 f5 2. c4 Nf6 3. Nc3 g6 4. e3 Bg7 5. Bd3 d6 6. Nf3 O-O 7. a3 Nc6 8. d5 Ne5
9. Nxe5 dxe5 10. Qb3 e4 11. Be2 b6 12. Bd2 e5 13. O-O-O Nd7 14. Na4 a5 15. h4
Nc5 16. Nxc5 bxc5 17. h5 g5 18. h6 Bf6 19. f3 exf3 20. gxf3 Qd6 21. Bc3 Bd7 22.
Qc2 Rf7 23. Rdg1 Kf8 24. Bd3 Be7 25. Be2 a4 26. Kb1 Rb8 27. Bf1 Rb3 28. Bh3 Ke8
29. f4 exf4 30. exf4 g4 31. Bf1 Bf6 32. Bxf6 Rxf6 33. Qe2+ Qe7 34. Qe5 Re3 35.
Qxc7 Re1+ 36. Ka2 Qe3 37. Qe5+ Qxe5 38. fxe5 Rxe5 39. Bd3 Ke7 40. b4 axb3+ 41.
Kxb3 Kd6 42. Kc3 Re7 43. Rb1 Kc7 44. Rh5 f4 45. Kd2 f3 46. Rg5 Rxh6 47. d6+
Rxd6 48. Rxc5+ Bc6 0-1

[Event "XXXVI C.to Italiano a squadre A1.2"]
[Site "ITA"]
[Date "2004.04.18"]
[Round "5"]
[White "Tomba, Ivan"]
[Black "Borgo, Giulio"]
[Result "1-0"]
[WhiteElo "2292"]
[BlackElo "2414"]
[PlyCount "53"]
[EventDate "2004.03.06"]

1. e4 c5 2. Nf3 e6 3. d4 cxd4 4. Nxd4 a6 5. Bd3 Qb6 6. Nb3 Qc7 7. Be3 Nf6 8. f4
d6 9. Qf3 Nc6 10. N1d2 Nb4 11. O-O Bd7 12. Nc4 b5 13. Nb6 Rb8 14. Nxd7 Qxd7 15.
Bd4 Nxd3 16. cxd3 Be7 17. e5 Nd5 18. exd6 Bf6 19. Be5 O-O 20. Qg3 g6 21. Kh1
Rbc8 22. Rac1 Rxc1 23. Rxc1 Rc8 24. Qe1 Bd8 25. Nc5 Qa7 26. Bd4 Bb6 27. Qe5 1-0

[Event "XXXVI C.to Italiano a squadre A1.2"]
[Site "ITA"]
[Date "2004.04.18"]
[Round "5"]
[White "Vancini, Edoardo"]
[Black "Ortega, Lexy"]
[Result "1/2-1/2"]
[WhiteElo "2306"]
[BlackElo "2419"]
[PlyCount "84"]
[EventDate "2004.03.06"]

1. e4 c5 2. Nc3 e6 3. g3 d5 4. exd5 exd5 5. d4 cxd4 6. Qxd4 Be6 7. Bg2 Nc6 8.
Qa4 Bc5 9. Nge2 a6 10. O-O b5 11. Qf4 Rc8 12. Rd1 Nf6 13. Be3 Bd6 14. Qh4 Be7
15. Nd4 Ne5 16. Nxe6 fxe6 17. Qh3 Qd7 18. Ne4 Rxc2 19. Ng5 Neg4 20. Bf3 Nxe3
21. fxe3 Bc5 22. Nxe6 Bxe3+ 23. Kh1 Rc6 24. Bxd5 Nxd5 25. Nxg7+ Qxg7 26. Qh5+
Qf7 27. Qe5+ Re6 28. Qxh8+ Ke7 29. Rf1 Bf2 30. Rxf2 Qxf2 31. Qxh7+ Kd6 32. Qh8
Qf3+ 33. Kg1 Qe3+ 34. Kh1 Re8 35. Qh5 Qe4+ 36. Kg1 Qd4+ 37. Kh1 Qe4+ 38. Kg1
Re5 39. Qh6+ Re6 40. Qh8 Qe3+ 41. Kh1 Re8 42. Qh5 Qe4+ 1/2-1/2